[Event "X Torneo Leonardo di Bona B"]
[Site "Cutro ITA"]
[Date "2004.04.30"]
[Round "6"]
[White "Frontera, Domenico"]
[Black "Di Mauro, Sebastiano"]
[Result "1/2-1/2"]
[WhiteElo "1575"]
[BlackElo "1802"]
[PlyCount "111"]
[EventDate "2004.04.25"]

1. e4 e6 2. d4 d5 3. Nc3 Bb4 4. Nge2 dxe4 5. a3 Be7 6. Nxe4 Nf6 7. Nxf6+ Bxf6
8. c3 O-O 9. Nf4 b6 10. Qf3 c6 11. Bd3 Ba6 12. Bxa6 Nxa6 13. Qxc6 g6 14. O-O
Qc7 15. Qf3 Bg7 16. Nh3 h6 17. Qd3 Qb7 18. Bf4 Rad8 19. Qe3 Kh7 20. Be5 f6 21.
Bg3 e5 22. dxe5 Rde8 23. e6 Nc5 24. Nf4 g5 25. Nh5 Rxe6 26. Qd2 f5 27. Qc2 Kg6
28. Nxg7 Qxg7 29. f3 Rfe8 30. Rfe1 Qf7 31. Rxe6+ Rxe6 32. Re1 Rxe1+ 33. Bxe1
Qe6 34. Bf2 Kf7 35. h3 Nd7 36. Qa4 a5 37. Qb5 Kg6 38. Kf1 f4 39. Qe2 Kf7 40.
Qxe6+ Kxe6 41. Bd4 Kf5 42. b4 axb4 43. axb4 b5 44. Ke2 h5 45. Kd3 g4 46. c4
bxc4+ 47. Kxc4 Kg5 48. b5 gxh3 49. gxh3 Kh4 50. Kd3 Kxh3 51. b6 Kg3 52. b7 h4
53. Ke4 h3 54. Be5 Nc5+ 55. Kf5 Nxb7 56. Bxf4+ 1/2-1/2

[Event "X Torneo Leonardo di Bona B"]
[Site "Cutro ITA"]
[Date "2004.04.30"]
[Round "6"]
[White "Grano, Giuseppe"]
[Black "Paragliola, Gennaro"]
[Result "1-0"]
[WhiteElo "1712"]
[BlackElo "1643"]
[PlyCount "91"]
[EventDate "2004.04.25"]

1. Nf3 Nf6 2. d4 g6 3. c4 Bg7 4. Nc3 d6 5. e4 O-O 6. Bg5 c5 7. Qd2 cxd4 8. Nxd4
Nc6 9. Nf3 Ng4 10. h3 Nge5 11. Nxe5 Bxe5 12. Be2 f5 13. c5 Be6 14. cxd6 Qxd6
15. Qxd6 Bxd6 16. O-O Be5 17. Nd5 Rf7 18. Bc4 Bxd5 19. Bxd5 Rb8 20. Bxf7+ Kxf7
21. exf5 gxf5 22. Rab1 Nd4 23. Be3 Nc6 24. f4 Bf6 25. b4 Rc8 26. a4 Nd4 27.
Bxd4 Bxd4+ 28. Kh1 Rc4 29. Rfc1 Bc3 30. Rb3 Rxb4 31. Rbxc3 Rxa4 32. Rc4 Ra2 33.
Kg1 b5 34. Rb4 a6 35. Kf1 Ke6 36. Rc5 h6 37. g4 fxg4 38. hxg4 Kf6 39. g5+ hxg5
40. fxg5+ Kg6 41. Re5 Kf7 42. Rf4+ Kg6 43. Rh4 Rb2 44. Rh6+ Kf7 45. Rxa6 b4 46.
Rae6 1-0

[Event "X Torneo Leonardo di Bona B"]
[Site "Cutro ITA"]
[Date "2004.04.30"]
[Round "6"]
[White "Liistro, Giovanni Carlo"]
[Black "Zavaglia, Giuseppe"]
[Result "1/2-1/2"]
[WhiteElo "1718"]
[BlackElo "1700"]
[PlyCount "52"]
[EventDate "2004.04.25"]

1. e4 c5 2. Nc3 d6 3. g3 Nc6 4. Bg2 Nf6 5. d3 e6 6. f4 a6 7. Nf3 Qc7 8. O-O Be7
9. h3 O-O 10. Be3 Rb8 11. Qd2 b5 12. g4 Bb7 13. Ne2 Nd7 14. Ng3 Rfe8 15. g5 Nb6
16. f5 d5 17. Nh5 dxe4 18. dxe4 Bf8 19. Qf2 exf5 20. exf5 Nd7 21. Rad1 Rbd8 22.
Bf4 Qb6 23. Kh1 Nce5 24. Qg3 Bxf3 25. Bxf3 Kh8 26. Bg2 Rc8 1/2-1/2

[Event "X Torneo Leonardo di Bona B"]
[Site "Cutro ITA"]
[Date "2004.04.30"]
[Round "6"]
[White "Longo, Giuseppe"]
[Black "Crisa', Francesco Maria"]
[Result "1-0"]
[WhiteElo "1619"]
[BlackElo "1637"]
[PlyCount "51"]
[EventDate "2004.04.25"]

1. d4 Nf6 2. Nf3 e6 3. e3 d5 4. c3 Bd6 5. Bd3 O-O 6. Nbd2 Nbd7 7. O-O c5 8. Qe2
Re8 9. e4 e5 10. dxc5 Nxc5 11. Bc2 d4 12. h3 Bc7 13. Qc4 b6 14. b4 Ba6 15. b5
Bb7 16. Re1 dxc3 17. Qxc3 Rc8 18. Ba3 Bd6 19. Qb2 Qe7 20. Bxc5 Bxc5 21. Bb3 h6
22. Rad1 Bb4 23. Re2 Bxd2 24. Nxd2 Qb4 25. f3 Qxb5 26. Bxf7+ 1-0

[Event "X Torneo Leonardo di Bona B"]
[Site "Cutro ITA"]
[Date "2004.04.30"]
[Round "6"]
[White "Meli, Massimo"]
[Black "Forlano, Luigi"]
[Result "0-1"]
[WhiteElo "1829"]
[BlackElo "1924"]
[PlyCount "82"]
[EventDate "2004.04.25"]

1. e4 Nf6 2. Nc3 d5 3. f3 d4 4. Nb1 e5 5. Bb5+ c6 6. Bc4 a5 7. a4 Bd6 8. Ne2
Nh5 9. d3 O-O 10. O-O g5 11. g4 Nf4 12. Ng3 Qf6 13. Bxf4 exf4 14. Nf5 h5 15. h3
hxg4 16. hxg4 Bxf5 17. exf5 Bb4 18. Qc1 Kg7 19. Nd2 Bxd2 20. Qxd2 Nd7 21. Kg2
Rh8 22. Rh1 Rae8 23. Rxh8 Rxh8 24. Rh1 Rxh1 25. Kxh1 Qh6+ 26. Kg2 Qh4 27. Qe2
Qg3+ 28. Kf1 Qh3+ 29. Ke1 Qh1+ 30. Kd2 Qg1 31. Qe4 Qe3+ 32. Kd1 Ne5 33. f6+ Kh6
34. Qxe3 fxe3 35. Ke2 Nxc4 36. dxc4 c5 37. c3 Kg6 38. b4 dxc3 39. Kxe3 axb4 40.
Kd3 Kxf6 41. a5 Ke5 0-1

[Event "X Torneo Leonardo di Bona B"]
[Site "Cutro ITA"]
[Date "2004.04.30"]
[Round "6"]
[White "Parrotta, Daniele"]
[Black "Morelli, Gaetano"]
[Result "1-0"]
[WhiteElo "1976"]
[BlackElo "1816"]
[PlyCount "55"]
[EventDate "2004.04.25"]

1. e4 e5 2. f4 exf4 3. Bc4 Qg5 4. Nf3 Qxg2 5. Bxf7+ Kxf7 6. Rg1 Qxg1+ 7. Nxg1
d6 8. d4 g5 9. Qh5+ Kf6 10. Nc3 c6 11. Nf3 Bh6 12. e5+ dxe5 13. Nxe5 Be6 14.
Ne4+ Ke7 15. Nc5 Nf6 16. Qxh6 Nbd7 17. Nexd7 Bxd7 18. Qg7+ Kd6 19. Qxf6+ Kc7
20. Qe5+ Kb6 21. Nxd7+ Ka6 22. Nf6 Rhe8 23. Qxe8 Rxe8+ 24. Nxe8 Kb5 25. Nf6 Kc4
26. Nxh7 Kxd4 27. Nxg5 Ke5 28. Kf2 1-0

[Event "X Torneo Leonardo di Bona B"]
[Site "Cutro ITA"]
[Date "2004.04.30"]
[Round "6"]
[White "Procopio, Giuseppe"]
[Black "Barbuto, Sergio"]
[Result "0-1"]
[WhiteElo "1559"]
[BlackElo "1808"]
[PlyCount "94"]
[EventDate "2004.04.25"]

1. d4 d5 2. c4 e6 3. a3 Nf6 4. e3 c6 5. Nf3 Bd6 6. c5 Bc7 7. Be2 Nbd7 8. Bd2
O-O 9. Nc3 Re8 10. O-O e5 11. dxe5 Nxe5 12. b4 Qe7 13. Re1 Bd7 14. Nxe5 Qxe5
15. f4 Qe7 16. Bf3 Bf5 17. Rc1 a6 18. Ne2 Be4 19. Nd4 Bxf3 20. Nxf3 Ne4 21. Qe2
Rad8 22. Nd4 Qd7 23. Qd1 Re7 24. Rc2 Rde8 25. Bc1 Bb8 26. Qf3 g6 27. Qe2 Nf6
28. Qf3 Re4 29. Rce2 Qc7 30. g3 Qd7 31. Kg2 Bc7 32. Bd2 Bd8 33. a4 Be7 34. a5
Bf8 35. Bc3 Bg7 36. Nb3 Rc4 37. Bd2 Ne4 38. Rb1 Bc3 39. Bxc3 Nxc3 40. Nd2 Nxb1
41. Nxc4 dxc4 42. Qf2 Nc3 43. Rd2 Qe6 44. Rd4 Nb5 45. Rd2 Qxe3 46. Qxe3 Rxe3
47. Rd7 c3 0-1

[Event "X Torneo Leonardo di Bona B"]
[Site "Cutro ITA"]
[Date "2004.04.30"]
[Round "6"]
[White "Rotunno, Giuseppe"]
[Black "Frontera, Giuseppe"]
[Result "1-0"]
[WhiteElo "1946"]
[BlackElo "1835"]
[PlyCount "87"]
[EventDate "2004.04.25"]

1. d4 Nf6 2. c4 e6 3. Nf3 b6 4. Bg5 Be7 5. Nc3 Bb7 6. e3 O-O 7. Bd3 d6 8. O-O
Nbd7 9. e4 c5 10. d5 e5 11. Nh4 Ne8 12. Bxe7 Qxe7 13. Nf5 Qf6 14. Re1 g6 15.
Qg4 Rd8 16. Re3 Nc7 17. Rh3 Kh8 18. Nh6 Bc8 19. Rf3 Qg7 20. Qh4 g5 21. Qh3 Nf6
22. g4 Bd7 23. Nf5 Bxf5 24. Rxf5 Qg6 25. Qf3 Nce8 26. Kg2 h5 27. h3 Kg7 28. Qe3
Nh7 29. gxh5 Qxh5 30. Rg1 Kh8 31. Kf1 f6 32. Be2 Qh6 33. Rf3 Ng7 34. h4 Nh5 35.
Rh3 Nf4 36. Rhh1 Qg7 37. Bg4 Qe7 38. Bf5 Rf7 39. Ne2 Kg7 40. Bxh7 Kf8 41. Bf5
Rg7 42. hxg5 fxg5 43. Nxf4 gxf4 44. Qc3 1-0

[Event "X Torneo Leonardo di Bona B"]
[Site "Cutro ITA"]
[Date "2004.04.30"]
[Round "6"]
[White "Russo, Carmelo"]
[Black "Amodei, Diego"]
[Result "1-0"]
[WhiteElo "1836"]
[BlackElo "1643"]
[PlyCount "107"]
[EventDate "2004.04.25"]

1. d4 Nf6 2. Nf3 e6 3. g3 c6 4. Bg2 d5 5. O-O Nbd7 6. Bg5 Be7 7. Nbd2 O-O 8. c4
Re8 9. Qc2 b6 10. Rfe1 Bb7 11. Rac1 Rc8 12. e4 dxe4 13. Nxe4 Nxe4 14. Bxe7 Qxe7
15. Qxe4 Nf6 16. Qh4 Nd7 17. Qe4 Nf6 18. Qe2 Ba8 19. a3 Nd7 20. h4 h6 21. b4
Qf6 22. Ne5 Nxe5 23. dxe5 Qe7 24. c5 Red8 25. Red1 Rxd1+ 26. Qxd1 Rd8 27. Qb3
Rd4 28. cxb6 Qd8 29. bxa7 Qb6 30. Qa4 Rd2 31. Rc5 Rd7 32. Qa5 Qxa7 33. Qxa7
Rxa7 34. Rc3 Kf8 35. b5 Ke7 36. Bxc6 Bxc6 37. bxc6 Kd8 38. Rd3+ Kc7 39. Rd7+
Kb6 40. Kf1 Rxa3 41. c7 Rc3 42. Rxf7 Rxc7 43. Rxc7 Kxc7 44. Ke2 Kc6 45. h5 Kd5
46. f4 Ke4 47. Kf2 Kd4 48. Kf3 Kd3 49. g4 Kd4 50. Kf2 Ke4 51. Kg3 Kd5 52. g5
hxg5 53. fxg5 Kxe5 54. Kg4 1-0

[Event "X Torneo Leonardo di Bona B"]
[Site "Cutro ITA"]
[Date "2004.04.30"]
[Round "6"]
[White "Todic, Simo"]
[Black "Olivo, Paolo"]
[Result "1-0"]
[WhiteElo "1811"]
[BlackElo "1649"]
[PlyCount "71"]
[EventDate "2004.04.25"]

1. e4 c6 2. d4 d5 3. Nc3 dxe4 4. Nxe4 Bf5 5. Ng3 Bg6 6. Nf3 Nd7 7. Bd3 Ngf6 8.
h4 Bxd3 9. Qxd3 e6 10. Bd2 Bd6 11. O-O-O Nd5 12. Ne4 Bc7 13. c4 N5f6 14. h5 h6
15. g3 Nxe4 16. Qxe4 Nf6 17. Qh4 b5 18. Ne5 bxc4 19. Nxc4 Qd5 20. b3 a5 21. Bf4
Qd8 22. Be5 a4 23. Qf4 Nd5 24. Bxc7 Nxf4 25. Bxd8 Ne2+ 26. Kd2 Nxg3 27. fxg3
Rxd8 28. bxa4 e5 29. Kc3 exd4+ 30. Rxd4 Ke7 31. Rhd1 Rc8 32. Rd7+ Kf6 33. Rf1+
Kg5 34. Rfxf7 Kxh5 35. Rxg7 Rhe8 36. Rd4 1-0

[Event "X Torneo Leonardo di Bona B"]
[Site "Cutro ITA"]
[Date "2004.05.01"]
[Round "7"]
[White "Barbuto, Sergio"]
[Black "Rotunno, Giuseppe"]
[Result "0-1"]
[WhiteElo "1808"]
[BlackElo "1946"]
[PlyCount "60"]
[EventDate "2004.04.25"]

1. e4 c5 2. c3 d5 3. exd5 Qxd5 4. d4 e5 5. dxe5 Qxd1+ 6. Kxd1 Nc6 7. Bf4 Nge7
8. Bd3 Ng6 9. Bxg6 hxg6 10. Nf3 Bg4 11. Nbd2 O-O-O 12. Kc1 Rd3 13. h3 b5 14.
Re1 Bf5 15. a3 Be7 16. Ng5 Bxg5 17. Bxg5 Re8 18. Bf4 f6 19. Nf3 Na5 20. Nd2 g5
21. Bh2 Red8 22. exf6 gxf6 23. Re7 Nb3+ 24. Kb1 Nxd2+ 25. Ka2 R3d7 26. Re2 Bd3
27. Ree1 Bc4+ 28. b3 Nxb3 29. Rab1 Nd2+ 30. Ka1 Nxb1 0-1

[Event "X Torneo Leonardo di Bona B"]
[Site "Cutro ITA"]
[Date "2004.05.01"]
[Round "7"]
[White "Benintende, Vittorio"]
[Black "Frontera, Domenico"]
[Result "0-1"]
[WhiteElo "1580"]
[BlackElo "1575"]
[PlyCount "93"]
[EventDate "2004.04.25"]

1. e4 e5 2. Nf3 Nf6 3. Bc4 c6 4. d3 d5 5. Bb3 dxe4 6. Nxe5 Qa5+ 7. Nc3 Qxe5 8.
O-O Bd6 9. g3 O-O 10. dxe4 Ng4 11. h4 Bc5 12. Qf3 Qf6 13. Qxf6 Nxf6 14. Kg2
Nbd7 15. Bf4 Bd4 16. Nd1 Nxe4 17. c3 Bc5 18. Bc2 Ndf6 19. f3 Nd6 20. b4 Bb6 21.
Bxd6 Rd8 22. Bf4 Nd5 23. Bc1 Re8 24. Bd3 Bd7 25. Be4 f5 26. Bxd5+ cxd5 27. Bf4
Bc6 28. Rh1 Re2+ 29. Kh3 Rae8 30. a3 Bb5 31. a4 Bc4 32. a5 Bd8 33. Rg1 Bf6 34.
Rc1 Re1 35. Rxe1 Rxe1 36. Kg2 Bb3 37. Nf2 Rxc1 38. Bxc1 Bxc3 39. Ba3 d4 40. Kf1
Bc4+ 41. Kg2 d3 42. Nd1 Be1 43. Bb2 Bb3 44. Bc3 Bxc3 45. Nxc3 d2 46. Nd1 Bxd1
47. Kf1 0-1

[Event "X Torneo Leonardo di Bona B"]
[Site "Cutro ITA"]
[Date "2004.05.01"]
[Round "7"]
[White "Crisa', Francesco Maria"]
[Black "Guzzo, Giovanni"]
[Result "0-1"]
[WhiteElo "1637"]
[BlackElo "1756"]
[PlyCount "49"]
[EventDate "2004.04.25"]

1. e4 e5 2. Nf3 Nc6 3. Bb5 Bc5 4. c3 Nge7 5. d4 exd4 6. cxd4 Bb6 7. Nc3 a6 8.
Ba4 O-O 9. O-O d6 10. Bg5 f6 11. Bb3+ Kh8 12. d5 fxg5 13. dxc6 Nxc6 14. Qd5 h6
15. h3 g4 16. hxg4 Bxg4 17. Nh2 Qh4 18. Nxg4 Qxg4 19. Bd1 Qh4 20. Qd2 Rf7 21.
Bc2 Raf8 22. Nd1 Ne5 23. Ne3 Ng4 24. Nxg4 Qxg4 25. Rae1 0-1

[Event "X Torneo Leonardo di Bona B"]
[Site "Cutro ITA"]
[Date "2004.05.01"]
[Round "7"]
[White "Di Mauro, Sebastiano"]
[Black "Ielapi, Vito"]
[Result "1-0"]
[WhiteElo "1802"]
[BlackElo "1842"]
[PlyCount "117"]
[EventDate "2004.04.25"]

1. e4 e5 2. f4 d5 3. exd5 exf4 4. Nf3 Bd6 5. Be2 Bg4 6. O-O Ne7 7. c4 O-O 8. d4
b6 9. Nc3 Ng6 10. Ne5 Bxe2 11. Nxe2 Nxe5 12. dxe5 Bxe5 13. Nxf4 Nd7 14. Nd3
Bd4+ 15. Kh1 Ne5 16. Rf4 Nxd3 17. Qxd3 Be5 18. Re4 Qd6 19. h3 Rae8 20. Rb1 Qg6
21. Bd2 Bxb2 22. Rbe1 f6 23. Bb4 Rxe4 24. Qxe4 Qxe4 25. Rxe4 Rd8 26. Re7 a5 27.
Re2 Be5 28. Ba3 Kf7 29. g4 Kg6 30. Kg2 h5 31. gxh5+ Kxh5 32. Kf3 Kh4 33. Rxe5
Rd7 34. Re7 Rd8 35. Rxg7 b5 36. Be7 Re8 37. cxb5 Kh5 38. Bc5 Re5 39. Be3 Rxd5
40. Rxc7 Rf5+ 41. Kg3 Rxb5 42. a4 Rb3 43. Kf3 Ra3 44. Rc5+ Kg6 45. Rxa5 Kf7 46.
Ra6 Ra1 47. Rxf6+ Ke7 48. Ra6 Kd7 49. h4 Rh1 50. Kg4 Re1 51. Bf4 Rg1+ 52. Bg3
Rc1 53. h5 Kc8 54. Ra7 Rh1 55. a5 Rd1 56. h6 Rd4+ 57. Kf5 Rd5+ 58. Be5 Rd8 59.
Ra8+ 1-0

[Event "X Torneo Leonardo di Bona B"]
[Site "Cutro ITA"]
[Date "2004.05.01"]
[Round "7"]
[White "Forlano, Luigi"]
[Black "Parrotta, Daniele"]
[Result "1/2-1/2"]
[WhiteElo "1924"]
[BlackElo "1976"]
[PlyCount "48"]
[EventDate "2004.04.25"]

1. e4 c5 2. Nf3 Nc6 3. d4 cxd4 4. Nxd4 Nf6 5. f3 e5 6. Nb5 d6 7. Be3 a6 8. N5c3
Be6 9. Bd3 d5 10. exd5 Nxd5 11. Nxd5 Bxd5 12. O-O Be7 13. Nc3 Be6 14. Be4 O-O
15. Qxd8 Raxd8 16. Bb6 Rd7 17. Rfd1 Nd4 18. Na4 f5 19. Bd3 Rc8 20. c3 Nb5 21.
Bf2 Rcd8 22. Bb6 Rxd3 23. Bxd8 Rxd8 24. Rxd8+ Bxd8 1/2-1/2

[Event "X Torneo Leonardo di Bona B"]
[Site "Cutro ITA"]
[Date "2004.05.01"]
[Round "7"]
[White "Frontera, Giuseppe"]
[Black "Liistro, Giovanni Carlo"]
[Result "1-0"]
[WhiteElo "1835"]
[BlackElo "1718"]
[PlyCount "79"]
[EventDate "2004.04.25"]

1. e4 e5 2. Nf3 Nc6 3. d4 exd4 4. Nxd4 Bc5 5. Be3 Qf6 6. c3 Nge7 7. Bc4 d6 8.
O-O O-O 9. Nxc6 Nxc6 10. Bxc5 dxc5 11. f4 Qg6 12. Qc2 Re8 13. Nd2 Bg4 14. Rae1
Rad8 15. Re3 Qh6 16. Rf2 Re7 17. Rg3 Qh5 18. h3 Bd1 19. Qc1 Qh4 20. Re3 Na5 21.
Bf1 Ba4 22. b3 Be8 23. g3 Qh6 24. Nf3 Nc6 25. Nh4 Red7 26. Re1 Ne7 27. Nf3 Nc6
28. e5 Ne7 29. Ng5 Qb6 30. Bc4 Nd5 31. e6 Rd6 32. Qc2 g6 33. exf7+ Bxf7 34.
Nxf7 Kxf7 35. Qe4 Kf8 36. f5 Rf6 37. Bxd5 Rxd5 38. Qxd5 c4 39. Qd8+ Kg7 40. Qd4
1-0

[Event "X Torneo Leonardo di Bona B"]
[Site "Cutro ITA"]
[Date "2004.05.01"]
[Round "7"]
[White "Meli, Massimo"]
[Black "Grano, Giuseppe"]
[Result "1-0"]
[WhiteElo "1829"]
[BlackElo "1712"]
[PlyCount "27"]
[EventDate "2004.04.25"]

1. e4 c5 2. Nf3 d6 3. Nc3 Nf6 4. d4 cxd4 5. Nxd4 a6 6. Be2 g6 7. Be3 Bg7 8. Qd2
O-O 9. Bh6 Nc6 10. Bxg7 Kxg7 11. h4 Ne5 12. h5 Bg4 13. hxg6 hxg6 14. Qh6+ 1-0

[Event "X Torneo Leonardo di Bona B"]
[Site "Cutro ITA"]
[Date "2004.05.01"]
[Round "7"]
[White "Morelli, Gaetano"]
[Black "Todic, Simo"]
[Result "0-1"]
[WhiteElo "1816"]
[BlackElo "1811"]
[PlyCount "178"]
[EventDate "2004.04.25"]

1. e4 c5 2. Nf3 d6 3. d4 cxd4 4. Nxd4 Nf6 5. f3 a6 6. c4 Nc6 7. Be3 e6 8. Nc3
Be7 9. Be2 O-O 10. O-O Bd7 11. Qd2 Nxd4 12. Bxd4 Bc6 13. Rfd1 e5 14. Be3 Rc8
15. b4 Qc7 16. a4 Bd7 17. a5 Be6 18. Na4 Nd7 19. Rac1 f5 20. exf5 Rxf5 21. Bd3
Rf7 22. Be4 Nf6 23. Nb6 Nxe4 24. fxe4 Rcf8 25. Nd5 Bxd5 26. Qxd5 Kh8 27. c5
dxc5 28. Bxc5 Rd8 29. Qb3 Bxc5+ 30. Rxc5 Rxd1+ 31. Qxd1 Qe7 32. Rxe5 Qxb4 33.
Rd5 h6 34. e5 Qe4 35. Rd8+ Kh7 36. Qd3 Qxd3 37. Rxd3 Re7 38. Re3 Kg6 39. g4 Kg5
40. h3 Kf4 41. Kf2 Rxe5 42. Rf3+ Kg5 43. Rf7 g6 44. Rxb7 Rxa5 45. Rb6 Ra2+ 46.
Kg3 Ra3+ 47. Kg2 a5 48. Ra6 a4 49. Kh2 Kh4 50. Kg2 Ra2+ 51. Kf3 Ra3+ 52. Kg2
Kg5 53. h4+ Kxg4 54. Rxg6+ Kxh4 55. Rxh6+ Kg5 56. Rh1 Kf4 57. Rh4+ Ke5 58. Rh1
Kd4 59. Rh4+ Kc3 60. Kf2 Ra1 61. Rh3+ Kb2 62. Ke2 a3 63. Kd2 Rg1 64. Rh8 a2 65.
Rb8+ Ka3 66. Ra8+ Kb3 67. Rb8+ Kc4 68. Rc8+ Kd5 69. Rd8+ Kc6 70. Rc8+ Kd7 71.
Ra8 a1=Q 72. Rxa1 Rxa1 73. Kc2 Ra3 74. Kb2 Rh3 75. Kc1 Ke6 76. Kd1 Kf5 77. Ke1
Kf4 78. Kd1 Re3 79. Kc1 Ke4 80. Kd1 Kd4 81. Kc2 Rd3 82. Kb2 Re3 83. Kc2 Rd3 84.
Kb2 Rc3 85. Ka2 Kc5 86. Kb2 Kb4 87. Ka2 Rc2+ 88. Kb1 Kb3 89. Ka1 Rc1# 0-1

[Event "X Torneo Leonardo di Bona B"]
[Site "Cutro ITA"]
[Date "2004.05.01"]
[Round "7"]
[White "Olivo, Paolo"]
[Black "Longo, Giuseppe"]
[Result "0-1"]
[WhiteElo "1649"]
[BlackElo "1619"]
[PlyCount "35"]
[EventDate "2004.04.25"]

1. e4 c6 2. d4 d5 3. Nc3 e6 4. Nf3 Bd6 5. a3 dxe4 6. Nxe4 h6 7. Nxd6+ Qxd6 8.
Bd3 Nf6 9. Bd2 Nbd7 10. O-O b6 11. c4 Bb7 12. Re1 Qc7 13. Qc2 O-O-O 14. b4 g5
15. g3 c5 16. Ne5 Nxe5 17. dxe5 Qc6 18. Bf1 0-1

[Event "X Torneo Leonardo di Bona B"]
[Site "Cutro ITA"]
[Date "2004.05.01"]
[Round "7"]
[White "Paragliola, Gennaro"]
[Black "Anastasio, Giovanni"]
[Result "0-1"]
[WhiteElo "1643"]
[BlackElo "1640"]
[PlyCount "114"]
[EventDate "2004.04.25"]

1. d4 d5 2. c4 e6 3. Nc3 b6 4. Nf3 Nf6 5. Bg5 Be7 6. e3 Bb7 7. Bd3 Nbd7 8. Qc2
dxc4 9. Bxc4 Bxf3 10. gxf3 a6 11. Bd3 c5 12. Ne4 cxd4 13. exd4 Rc8 14. Qa4 a5
15. Bb5 O-O 16. Rg1 Rc7 17. Bh6 Nh5 18. Ke2 Kh8 19. Be3 Ndf6 20. Rad1 Nd5 21.
Bd3 Qc8 22. Bb1 Qa6+ 23. Bd3 Nhf4+ 24. Bxf4 Nxf4+ 25. Ke3 Nxd3 26. Rxd3 h6 27.
f4 b5 28. Qd1 f5 29. Ng3 Qc6 30. Rc3 Qd6 31. Rxc7 Qxc7 32. Rg2 Bd6 33. Nh5 Rf7
34. Qb3 Qd7 35. f3 Kh7 36. Qc2 g6 37. Ng3 Bc7 38. Ne2 Bd8 39. Rg1 g5 40. Rc1
gxf4+ 41. Nxf4 Bb6 42. Ne2 e5 43. Rd1 exd4+ 44. Nxd4 Re7+ 45. Kf4 Bxd4 46.
Qxf5+ Qxf5+ 47. Kxf5 Bxb2 48. Rb1 Re5+ 49. Kg4 Bc3 50. Rd1 b4 51. f4 Re7 52.
Kh5 Re2 53. Rd7+ Bg7 54. f5 Rxh2+ 55. Kg4 Kg8 56. Rd8+ Bf8 57. f6 Rf2 0-1

[Event "X Torneo Leonardo di Bona B"]
[Site "Cutro ITA"]
[Date "2004.05.01"]
[Round "7"]
[White "Virelli, Salvatore"]
[Black "Olivo, Gaetano"]
[Result "1-0"]
[WhiteElo "1440"]
[BlackElo "1598"]
[PlyCount "89"]
[EventDate "2004.04.25"]

1. e4 e6 2. d4 d5 3. e5 c5 4. Nf3 Nc6 5. Bb5 Bd7 6. Bg5 Qb6 7. Nc3 a6 8. Bxc6
Bxc6 9. b3 cxd4 10. Nxd4 Bc5 11. Be3 Qb4 12. Qd2 Ne7 13. a3 Qb6 14. b4 Bxd4 15.
Bxd4 Qc7 16. O-O Nf5 17. Bc5 Qxe5 18. Rfe1 Qc7 19. Qg5 Kd7 20. g4 h6 21. Qd2
Nd6 22. Qf4 Raf8 23. a4 b6 24. Bd4 Rhg8 25. a5 b5 26. Bb6 Qb8 27. Bc5 g5 28.
Qd4 Rc8 29. Ne2 f5 30. Ba7 Qb7 31. Bc5 Rce8 32. Qe5 Qb8 33. Nd4 Nc4 34. Qxb8
Rxb8 35. Rxe6 Bb7 36. Re7+ Kc8 37. gxf5 Ba8 38. Rae1 Rb7 39. Re8+ Rxe8 40.
Rxe8+ Kd7 41. Rxa8 Nd6 42. Rxa6 Ne4 43. Rxh6 Ke8 44. Rh8+ Kd7 45. a6 1-0

[Event "X Torneo Leonardo di Bona B"]
[Site "Cutro ITA"]
[Date "2004.05.01"]
[Round "7"]
[White "Zavaglia, Giuseppe"]
[Black "Russo, Carmelo"]
[Result "1-0"]
[WhiteElo "1700"]
[BlackElo "1836"]
[PlyCount "95"]
[EventDate "2004.04.25"]

1. e4 c5 2. Nf3 d6 3. d4 Nf6 4. Nc3 cxd4 5. Nxd4 g6 6. f3 Bg7 7. Be3 O-O 8. Qd2
Nc6 9. O-O-O Nxd4 10. Bxd4 Be6 11. h4 Qa5 12. Kb1 h5 13. Be2 b5 14. Nd5 Qd8 15.
Bxb5 Nxd5 16. exd5 Bf5 17. Bxg7 Kxg7 18. g4 Qb6 19. Qd4+ Qxd4 20. Rxd4 Rab8 21.
a4 Bc8 22. Re1 a6 23. Bc6 e5 24. dxe6 Bxe6 25. gxh5 Rb6 26. Bd5 Rfb8 27. b3 Bf5
28. Be4 Re8 29. Rg1 Bxe4 30. fxe4 a5 31. hxg6 fxg6 32. h5 Re6 33. hxg6 Rxg6 34.
Rxg6+ Kxg6 35. Rd5 Ra6 36. e5 dxe5 37. Rxe5 Kf6 38. Re1 Re6 39. Rxe6+ Kxe6 40.
c3 Kd5 41. Kc2 Kc6 42. Kd3 Kc5 43. Ke4 Kd6 44. Kd4 Kc6 45. Kc4 Kb6 46. Kd5 Kb7
47. Kc5 Ka6 48. Kc6 1-0

[Event "C.to Provinciale CO"]
[Site "Villa Guardia ITA"]
[Date "2004.03.06"]
[Round "1"]
[White "Casella, Vincenzo"]
[Black "Orsenigo, Davide"]
[Result "0-1"]
[WhiteElo "1500"]
[BlackElo "1672"]
[PlyCount "66"]
[EventDate "2004.03.06"]

1. d4 Nf6 2. Nf3 g6 3. c4 c5 4. e3 Bg7 5. Bd3 d5 6. O-O O-O 7. Nc3 Nc6 8. dxc5
dxc4 9. Bxc4 Qa5 10. Qe2 Qxc5 11. Bd2 Bg4 12. Bb3 Ne5 13. Rac1 Nxf3+ 14. gxf3
Bh3 15. f4 Bxf1 16. Kxf1 Qh5 17. f3 Rac8 18. Ke1 Rfd8 19. Rc2 e5 20. Kd1 exf4
21. e4 Nd7 22. Kc1 Ne5 23. Bxf4 Nd3+ 24. Kb1 Nxf4 25. Qe3 Ne6 26. f4 Nd4 27.
Rd2 Nxb3 28. Rxd8+ Rxd8 29. axb3 Bxc3 30. bxc3 Qd1+ 31. Ka2 Rd2+ 32. Ka3 Qc1+
33. Kb4 a5+ 0-1

[Event "C.to Provinciale CO"]
[Site "Villa Guardia ITA"]
[Date "2004.03.06"]
[Round "1"]
[White "Corti, Filippo"]
[Black "Coppola, Guido"]
[Result "1/2-1/2"]
[WhiteElo "1585"]
[BlackElo "1839"]
[PlyCount "49"]
[EventDate "2004.03.06"]

1. Nf3 d5 2. g3 Nf6 3. Bg2 e6 4. d3 Nc6 5. Nbd2 Be7 6. O-O O-O 7. c3 e5 8. Qc2
Bf5 9. e4 dxe4 10. dxe4 Be6 11. Re1 h6 12. Nf1 Qd7 13. Ne3 Rad8 14. Nf5 Bxf5
15. exf5 Bd6 16. Be3 Ng4 17. Rad1 Nxe3 18. Rxe3 Qc8 19. Rde1 Kh8 20. Bh3 Be7
21. Nxe5 Nxe5 22. Rxe5 Bf6 23. R5e3 Qd7 24. Qe2 Qd2 25. Bg2 1/2-1/2

[Event "C.to Provinciale CO"]
[Site "Villa Guardia ITA"]
[Date "2004.03.06"]
[Round "1"]
[White "Ghelfi, Giancarlo"]
[Black "Cairoli, Camillo"]
[Result "0-1"]
[WhiteElo "1600"]
[BlackElo "1882"]
[PlyCount "96"]
[EventDate "2004.03.06"]

1. e4 c5 2. Nf3 d6 3. d4 cxd4 4. Nxd4 Nf6 5. Nc3 g6 6. Be3 Bg7 7. f3 Nc6 8. Qd2
O-O 9. O-O-O a6 10. h4 Nxd4 11. Bxd4 h5 12. Kb1 b5 13. e5 dxe5 14. Bxe5 Be6 15.
Qxd8 Rfxd8 16. Bd3 Rac8 17. a3 Rc5 18. Rhe1 Nd5 19. Bxg7 Kxg7 20. Ne4 Rc7 21.
g3 Bc8 22. Re2 f6 23. Rde1 e5 24. Nf2 Rf8 25. Nd1 Rff7 26. Ne3 Bb7 27. Be4 Nxe3
28. Rxe3 Bxe4 29. Rxe4 Rfd7 30. Kc1 Kf7 31. R1e2 Rc6 32. Re1 Rcd6 33. R4e2 Rd4
34. Rf2 a5 35. Rff1 b4 36. Rd1 bxa3 37. bxa3 Ke6 38. Rfe1 Rxd1+ 39. Rxd1 Rc7
40. Rd3 Rc4 41. Kb2 a4 42. Rd8 e4 43. fxe4 Rxe4 44. Re8+ Kf5 45. Rxe4 Kxe4 46.
Kc3 g5 47. hxg5 fxg5 48. Kb4 h4 0-1

[Event "C.to Provinciale CO"]
[Site "Villa Guardia ITA"]
[Date "2004.03.06"]
[Round "1"]
[White "Larghi, Riccardo"]
[Black "Grassetto, Gilberto"]
[Result "1-0"]
[WhiteElo "1872"]
[BlackElo "1597"]
[PlyCount "73"]
[EventDate "2004.03.06"]

1. e4 c5 2. Nf3 d6 3. d4 cxd4 4. Nxd4 Nf6 5. Nc3 a6 6. Be3 Qc7 7. f3 g6 8. Qd2
Bg7 9. O-O-O b5 10. g4 Bb7 11. h4 b4 12. Na4 a5 13. h5 Bc6 14. Nxc6 Nxc6 15. h6
Bf8 16. g5 Nd7 17. f4 e5 18. Qd5 Rc8 19. Bc4 Nd4 20. Qxf7+ Kd8 21. b3 Ne2+ 22.
Kb1 exf4 23. Bxf4 Nxf4 24. Qxf4 Be7 25. e5 Rf8 26. Qg3 dxe5 27. Rh2 Rf4 28. Bb5
Rd4 29. Rxd4 exd4 30. Qg4 d3 31. Rd2 Bd6 32. Bxd3 Ne5 33. Qd4 Ke7 34. Nb6 Qc5
35. Nxc8+ Qxc8 36. Bxg6 Nxg6 37. Qxd6+ 1-0

[Event "C.to Provinciale CO"]
[Site "Villa Guardia ITA"]
[Date "2004.03.06"]
[Round "1"]
[White "Liscio, Giovanni"]
[Black "Schingaro, Angelo"]
[Result "1-0"]
[WhiteElo "1831"]
[BlackElo "1561"]
[PlyCount "37"]
[EventDate "2004.03.06"]

1. d4 Nf6 2. c4 g6 3. Nc3 d6 4. e4 Bg7 5. f4 O-O 6. Nf3 c5 7. d5 Qa5 8. Bd2 a6
9. Bd3 Bd7 10. O-O Qb6 11. Qc2 a5 12. Rae1 Na6 13. a3 Ng4 14. e5 Nb4 15. axb4
cxb4+ 16. Kh1 bxc3 17. Bxc3 Ne3 18. Qf2 Nxd5 19. cxd5 1-0